LEADER 01015nam a2200277 u 4500 001 000000000489 003 CaOOAMICUS 005 20070226104215.0 008 940517s1977 it u000 u ita u 035 $a10008995 040 $aPUL(R)$bita 100 1 $aTodisco, Orlando,$d1938-$0(OLS)http://pul/name/526 245 10$aErmeneutica storiografica /$cOrlando Todisco. 260 $aAlba :$bEdizioni Paoline,$cc1977. 300 $a328 p. ;$c22 cm 490 1 $aTeologia ; 21 500 $aComprende indici. 504 $aBibliografia in nota. 650 4$aErmeneutica.$0(OLS)http://pul/subject/438 830 0$aTeologia (Edizioni Paoline) ;$v21.$0(OLS)http://pul/title/652 850 $aPUL 852 $aPUL$W1$xSL Religione 1$y3$m58 B 14$j591$n $b $qStampati$B591$CPULBib$Z2$F591 $H $81 941 1 $a8 961 $aINV: 44866 996 $6245$aErmeneutica storiografica$9(OLS)http://pul/title/651 996 $6260$aAlba :$bEdizioni Paoline$9(OLS)http://pul/publisher/48140 LEADER 01646nam a2200337 u 4500 001 000000062880 003 CaOOAMICUS 005 20070226121201.0 008 011012s1990 it u000 u ita u 020 $a8821520110 035 $a10906224 040 $aPUL(R)$bita 110 2 $aPapi (1978-2005 : Iohannes Paulus PP. II).$0(OLS)http://pul/name/12992 245 10$aCari sacerdoti! :$ble "Lettere del Giovedì Santo" e gli altri scritti sull'identità, la vita, e la formazione del prete /$cGiovanni Paolo II ; raccolta antologica a cura di Diego Coletti ; prefazione di Carlo Maria Martini. 260 $aCinisello Balsamo :$bPaoline,$cc1990. 300 $a523 p. ;$c22 cm 500 $aContiene indici. 650 4$aSacerdozio.$0(OLS)http://pul/subject/211 700 1 $aMartini, Carlo Maria,$ccardinale, arcivescovo di Milano,$d1927-2012.$0(OLS)http://pul/name/6653 700 1 $aColetti, Diego.$0(OLS)http://pul/name/42766 850 $aPUL 852 $aPUL$W1$xSL Religione 1$y3$m68 E 163$j81670$nBK-PRI$b $qStampati$B81670$CPULBib$Z2$F81670 $H $81 900 $aIohannes Paulus PP.$bII,$csanto,$d1920-2005$912992 900 $aIohannes Paulus PP.$bII,$csanto,$d1920-2005$912992 941 1 $a8 960 $aOrdine sacro$9211 960 $aOrdine sacro$9211 961 $aINV: 77058 996 $6020$a8821520110$9(OLS)http://pul/number/81593 996 $6245$aCari sacerdoti! :$ble "Lettere del Giovedì Santo" e gli altri scritti sull'identità, la vita, e la formazione del prete$9(OLS)http://pul/title/83873 996 $6260$aCinisello Balsamo :$bPaoline$9(OLS)http://pul/publisher/55313